书目信息 |
| 题名: |
运动营养
|
|
| 作者: | 莫恩 , 伯克 主编 ;吴昊 译著 | |
| 分册: | ||
| 出版信息: | 北京 北京体育大学出版社 2016.06 |
|
| 页数: | 222页 | |
| 开本: | 26cm | |
| 丛书名: | ||
| 单 册: | ||
| 中图分类: | G804.32 | |
| 科图分类: | ||
| 主题词: | 体育卫生--营养学 | |
| 电子资源: | ||
| ISBN: | 978-7-5644-2122-9 | |
| 000 | 01371nam0 2200301 450 | |
| 001 | 0120141391231 | |
| 005 | 20161028085506.90 | |
| 010 | @a978-7-5644-2122-9@dCNY59.00 | |
| 100 | @a20160715d2016 em y0chiy50 ea | |
| 101 | 1 | @achi@ceng |
| 102 | @aCN@b110000 | |
| 105 | @aak z 000yy | |
| 106 | @ar | |
| 200 | 1 | @a运动营养@9yun dong ying yang@e国际奥林匹克委员会(IOC)运动医学与运动科学手册@dSports nutrition@ehandbook of sports medicine and science@fRonald J. Maughan,Louise M. Burke主编@g吴昊译著@zeng |
| 210 | @a北京@c北京体育大学出版社@d2016.06 | |
| 215 | @a222页@c图@d26cm | |
| 300 | @a北京市教委专项资金资助 | |
| 330 | @a本书分为训练中的营养需求、比赛时期的营养需求、运动营养在实践中的应用三部分。主要包括:运动与能量需求;运动中的供能物质:糖和脂肪;运动员对蛋白质和氨基酸的需求;微量营养素:维生素与矿物质等。 | |
| 333 | @a运动营养学研究人员 | |
| 510 | 1 | @aSports nutrition@ehandbook of sports medicine and science@zeng |
| 517 | 1 | @a国际奥林匹克委员会(IOC)运动医学与运动科学手册@9guo ji ao lin pi ke wei yuan hui (IOC) yun dong yi xue yu yun dong ke xue shou ce |
| 606 | 0 | @a体育卫生@x营养学 |
| 690 | @aG804.32@v5 | |
| 701 | 0 | @c(英)@a莫恩@9mo en@c(Maughan, Ronald J.)@4主编 |
| 701 | 0 | @c(英)@a伯克@9bo ke@c(Burke, Louise M.)@4主编 |
| 702 | 0 | @a吴昊@9wu hao@4译著 |
| 801 | 0 | @aCN@b人天书店@c20160715 |
| 905 | @b882458-63@dG804.32@e487@f6 | |
| 运动营养:国际奥林匹克委员会(IOC)运动医学与运动科学手册=Sports nutrition:handbook of sports medicine and science/Ronald J. Maughan,Louise M. Burke主编/吴昊译著.-北京:北京体育大学出版社,2016.06 |
| 222页:图;26cm |
| 北京市教委专项资金资助.-使用对象:运动营养学研究人员 |
| ISBN 978-7-5644-2122-9:CNY59.00 |
| 本书分为训练中的营养需求、比赛时期的营养需求、运动营养在实践中的应用三部分。主要包括:运动与能量需求;运动中的供能物质:糖和脂肪;运动员对蛋白质和氨基酸的需求;微量营养素:维生素与矿物质等。 |
| ● |
| 相关链接 |
|
|
|
|
正题名:运动营养
索取号:G804.32/487
 
预约/预借
| 序号 | 登录号 | 条形码 | 馆藏地/架位号 | 状态 | 备注 |
| 1 | 882458 | 208824584 | 第一样本阅览室/ [索取号:G804.32/487] | 在馆 | |
| 2 | 882459 | 208824593 | 教育系资料室/ [索取号:G804.32/487] | 在馆 | |
| 3 | 882460 | 208824600 | 教育系资料室/ [索取号:G804.32/487] | 在馆 | |
| 4 | 882461 | 208824619 | 教育系资料室/ [索取号:G804.32/487] | 在馆 | |
| 5 | 882462 | 208824628 | 第四借阅区/ [索取号:G804.32/487] | 在馆 | |
| 6 | 882463 | 208824637 | 第四借阅区/ [索取号:G804.32/487] | 在馆 |